Mixed models : theory and applications

Αποθηκεύτηκε σε:
Λεπτομέρειες βιβλιογραφικής εγγραφής
Κύριος συγγραφέας: Demidenko, Eugene 1948-
Μορφή: Βιβλίο
Γλώσσα:English
Δημοσίευση: Hoboken, N.J. : Wiley-Interscience, c2004
Σειρά:Wiley series in probability and statistics
Θέματα:
Ετικέτες: Προσθήκη ετικέτας
Δεν υπάρχουν, Καταχωρήστε ετικέτα πρώτοι!

MARC

LEADER 00000nam a2200000 i 4500
001 1/77003
008 080311s2004 eng d
020 |a 0-471-60161-6 
035 |l 10095314 
040 |a GR-MY-UA  |b gre  |e aacr 
041 0 |a eng 
082 0 |a 519.538  |2 (22) 
100 1 |a Demidenko, Eugene  |d 1948- 
245 1 0 |a Mixed models :  |b theory and applications /  |c Eugene Demidenko 
260 |a Hoboken, N.J. :   |b Wiley-Interscience,   |c c2004 
300 |a xviii, 704 σ.;  |b εικ.;  |c 25 εκ. 
490 1 |a Wiley series in probability and statistics 
504 |a Περιέχει βιβλιογραφικές παραπομπές (σ. [665]-695) και ευρετήριο 
650 0 0 |a Analysis of variance. 
830 0 |a Wiley series in probability and statistics 
852 |a INST  |b SAMOS  |e 20080311  |h 519.538 DEM  |p 005300026682  |q 005300026682  |t BK  |y 0 
901 |a BIBL3-2008-1 
909 |a Σ  |b 142906 
922 |a 3ΕΛΗ  |b 200712  |c ΕΠΕΑΕΚ2/ΤΣΑΕ  |d ΕΛΕΥΘΕΡΟΥΔΑΚΗΣ 
970 |a ΡΟΥΣΣΟΥ  |b ΚΩΝΣΤΑΝΤΙΝΑ  |z 2008/03/11